| 000 | 00630nam a2200229 a 4500 | ||
|---|---|---|---|
| 001 | BRCA_2796 | ||
| 005 | 20190320203955.0 | ||
| 008 | 081208s1961----enka---###---#000-0#eng-u | ||
| 050 | 4 |
_aN6754 _b.H66 1961 |
|
| 100 | 1 |
_aHonour, Hugh _96047 |
|
| 245 | 1 | 0 |
_aChinoiserie _bthe vision of Cathay _cHugh Honour. |
| 260 |
_aLondon _bJ. Murray _c1961 |
||
| 300 |
_a294 p. _bil. _c23 cm. |
||
| 500 | _aIncluye catálogo de ilustraciones. | ||
| 500 | _aAA98 | ||
| 650 | 1 | 4 |
_aArte europeo _97849 |
| 650 | 1 | 4 |
_aArte chino _97252 |
| 650 | 1 | 4 |
_aArte _xHistoria _97850 |
| 651 | 4 |
_aEuropa _xCivilización _97851 |
|
| 902 | _aGFM | ||
| 942 |
_2lcc _cB |
||
| 999 |
_c2536 _d2536 |
||